Algebra moderna: estructura y método
Sparad:
| Huvudupphovsmän: | , , |
|---|---|
| Materialtyp: | Bok |
| Språk: | spanska |
| Publicerad: |
Ciudad de México
Cultural S.A
1967
|
| Upplaga: | 1a. ed |
| Ämnen: | |
| Taggar: |
Lägg till en tagg
Inga taggar, Lägg till första taggen!
|
MARC
| LEADER | 00000cam a2200000 a 4500 | ||
|---|---|---|---|
| 001 | UCG4264 | ||
| 003 | CL-VaPUC | ||
| 008 | 101021e19670000MX |||||||||||||||||spa|d | ||
| 082 | 0 | 4 | |a 512.02 |b DOL |2 21 |
| 100 | 0 | |a Dolciani, Mary P |e author |9 553622 | |
| 700 | 0 | |a Berman, Simon L |e author |9 553623 | |
| 700 | 0 | |a Freilich, Julius |e author |9 553624 | |
| 245 | 1 | 0 | |a Algebra moderna: estructura y método |
| 250 | |a 1a. ed | ||
| 300 | |a v | ||
| 942 | |c BK | ||
| 945 | |d 20101021 00:00:00 |a mfarfan | ||
| 260 | |a Ciudad de México |b Cultural S.A |c 1967 | ||
| 650 | 0 | |a Álgebra |9 259567 | |
| 650 | 0 | |a Álgebra moderna |9 423163 | |
| 650 | 7 | |a NUMEROS NEGATIVOS |2 CL-VaPUC |9 553625 | |
| 650 | 0 | |a Polinomio |9 417637 | |
| 650 | 0 | |a Fracciones |9 316607 | |
| 650 | 0 | |a Variables |9 338106 | |
| 650 | 0 | |a Números reales |9 270334 | |
| 650 | 0 | |a Geometría |9 264063 | |
| 650 | 0 | |a Trigonometría |9 259568 | |
| 583 | |a last modification |c 20180320 05:51:48 |k Rodrigo Vera | ||
| 999 | |c 343085 |d 343083 | ||
| 952 | |0 0 |1 0 |4 0 |6 512_020000000000000_DOL_1967 |7 0 |8 A |9 440058 |a BIBING |b BIBING |d 2019-11-22 |h v.1 |i 4728378 |o 512.02 DOL 1967 |p 4728378 |r 2025-01-20 |w 2019-11-22 |y BK |k EIQ | ||
| 952 | |0 0 |1 0 |4 0 |6 512_020000000000000_DOL_1967 |7 0 |8 A |9 440059 |a BIBING |b BIBING |d 2019-11-22 |h v.1 |i 1646982 |o 512.02 DOL 1967 |p 1646982 |r 2025-01-20 |w 2019-11-22 |y BK |k EIQ | ||
| 952 | |0 0 |1 0 |4 0 |6 512_020000000000000_DOL_1967 |7 0 |8 A |9 440060 |a BIBING |b BIBING |d 2019-11-22 |h v.1 |i 1647083 |l 1 |o 512.02 DOL 1967 |p 1647083 |r 2025-01-20 |s 2024-04-04 |w 2019-11-22 |y BK |k EIQ | ||